000
00264nam a2200109 a 4500
005
20140414132109.0
008
110115s19uu xx 00 eng d
050
_a
ER
_b
C61 2006
100
_a
Fisch, Sarah
245
_a
Clifford's smallest snowman.
999
_c
114691
_d
114691